=LDR 00000nam 2200000 4500 =001 INLIS000000000019115 =005 20130612114221 =008 ***********************************Ind** =035 ##$$0010-061300000019115 =041 ##$$a Ind =082 ##$$a 823 =090 ##$$a 823, Tel m =100 ##$$a Telscombe, Anne =245 ##$$a Miss bagshot 2005 to tibet, Anne Tilscombe =260 ##$$a 1962 $b London =300 ##$$a 255 hlm, 32 cm =650 ##$$a Fiksi Inggris =850 ##$$a NBPNMAT